مجمرة النبض / (رقم التسجيلة. 122538)

تفاصيل مارك
000 -LEADER
fixed length control field 00530nam a22002057a 4500
005 - DATE AND TIME OF LATEST TRANSACTION
control field 20251108174946.0
008 - FIXED-LENGTH DATA ELEMENTS--GENERAL INFORMATION
fixed length control field 250721s2006 xx 000 0 ara d
020 ## - INTERNATIONAL STANDARD BOOK NUMBER
International Standard Book Number 9957092669
082 14 - DEWEY DECIMAL CLASSIFICATION NUMBER
Classification number 811.9565/رحي
100 1# - MAIN ENTRY--PERSONAL NAME
Personal name رحيم، مقداد
Relator term مؤلف
245 10 - TITLE STATEMENT
Title مجمرة النبض /
264 ## - PRODUCTION, PUBLICATION, DISTRIBUTION, MANUFACTURE, AND COPYRIGHT NOTICE
Date of production, publication, distribution, manufacture, or copyright notice 2006.
300 ## - PHYSICAL DESCRIPTION
Extent 101ص.
650 17 - SUBJECT ADDED ENTRY--TOPICAL TERM
Topical term or geographic name as entry element الأدب العربي
650 17 - SUBJECT ADDED ENTRY--TOPICAL TERM
Topical term or geographic name as entry element الشعر العربي
650 17 - SUBJECT ADDED ENTRY--TOPICAL TERM
Topical term or geographic name as entry element الشعر المعاصر
650 17 - SUBJECT ADDED ENTRY--TOPICAL TERM
Topical term or geographic name as entry element الأردن
942 ## - ADDED ENTRY ELEMENTS (KOHA)
Source of classification or shelving scheme Dewey Decimal Classification
Koha item type كتب
المقتنيات
حالة السحب حالة الفقدان مصدر التصنيف حالة التلف غير قابل للإعارة المكتبة الرئيسية المكتبة الحالية موقع الرف تاريخ التزويد الرقم المتسلسل Total Checkouts رقم الإستدعاء الباركود تاريخ آخر ظهور تاريخ الفاتورة نوع المادة (كوها)
    Dewey Decimal Classification     المكتبة المركزية المكتبة المركزية الإعارة 28/07/2025 1431170   811.9565/رحي PLD00182252 28/07/2025 28/07/2025 كتب
    Dewey Decimal Classification     المكتبة المركزية المكتبة المركزية مقتنيات قسم التزويد 28/07/2025 1431171   811.9565/رحي   28/07/2025 28/07/2025 كتب
    Dewey Decimal Classification     مكتبة أبو علندا العامة مكتبة أبو علندا العامة الإعارة 24/01/2011 1431173   811.9565/رحي PLD00184865 28/07/2025 24/01/2011 كتب
    Dewey Decimal Classification     مكتبة الحسن العامة مكتبة الحسن العامة الإعارة 24/01/2011 1431176   811.9565/رحي PLD00184862 28/07/2025 24/01/2011 كتب
    Dewey Decimal Classification     مكتبة النصر العامة مكتبة النصر العامة الإعارة 24/01/2011 1431175   811.9565/رحي PLD00184863 28/07/2025 24/01/2011 كتب
    Dewey Decimal Classification     مكتبة صويلح العامة مكتبة صويلح العامة الإعارة 24/01/2011 1431177   811.9565/رحي PLD00184861 28/07/2025 24/01/2011 كتب
    Dewey Decimal Classification   Not For Loan مكتبة منتدى الرواد مكتبة منتدى الرواد لا يعار 30/06/2011 1476851   811.9565/رحي PLD00212315 28/07/2025 30/06/2011 كتب
    Dewey Decimal Classification     مكتبة وادي السير العامة مكتبة وادي السير العامة الإعارة 24/01/2011 1431183   811.9565/رحي PLD00184855 28/07/2025 24/01/2011 كتب
Implemented & Customized by: BBB with SCIT (Smart Chains for Information Technology)

Powered by Koha